Circle of protest : political ritual in the Tibetan uprising, 1987-92

Saved in:
Bibliographic Details
Main Author: Schwartz, Ronald D. (Ronald David) 1947-
Format: Book
Language:English
Published: New York : Columbia University Press, 1994
Subjects:
Tags: Add Tag
No Tags, Be the first to tag this record!

MARC

LEADER 00000nam a2200000 i 4500
001 1/10421
008 970529s1994 eng d
020 |a 0-231-10095-7 
035 |l 10017849 
040 |a GR-MY-UA  |b gre  |e aacr 
041 0 |a eng 
082 0 |a 320.9515 
100 1 |a Schwartz, Ronald D.  |q (Ronald David)  |d 1947- 
245 1 0 |a Circle of protest :  |b political ritual in the Tibetan uprising, 1987-92 /  |c Ronald David Schwartz 
260 |a New York :   |b Columbia University Press,   |c 1994 
300 |a 263 p.  |b maps 
504 |a Includes bibliographical references and index 
650 0 0 |a Human rights  |z China  |z Tibet  |x Religious aspects  |x Buddhism. 
651 0 |a Tibet (China)  |x Politics and government  |y 1951- 
651 0 |a China  |x Politics and government  |y 1976- 
852 |a INST  |b LESVOS  |e 19970529  |h 320.9515 SCH  |p 005100011111  |q 005100011111  |t BK  |y 0 
909 |a Λ  |b 049550